|
|
|
|
| LEADER |
00000naa2a2200000 4500 |
| 001 |
391117 |
| 005 |
20231101064041.0 |
| 035 |
|
|
|a (RuTPU)RU\TPU\prd\24899
|
| 090 |
|
|
|a 391117
|
| 100 |
|
|
|a 20040406a2004 k y0rusy50 ca
|
| 101 |
0 |
|
|a rus
|
| 102 |
|
|
|a RU
|
| 200 |
1 |
|
|a Волокна в цементе образуют сетевую структуру, которая помогает в борьбе с поглощениями
|f Э. Г. Джунаиди, Р. Аббас, Б. З. Малик
|g Пер. В. Иванов
|
| 225 |
1 |
|
|a Нефть мира
|
| 461 |
|
1 |
|0 (RuTPU)RU\TPU\prd\1175
|x 0202-4578
|t Нефтегазовые технологии
|o научно-технический журнал
|f World Oil ; Pipe Line Industry ; Gulf Publishing Company
|d 1994-
|
| 463 |
|
1 |
|0 (RuTPU)RU\TPU\prd\24183
|t № 1
|v С. 36-38
|d 2004
|
| 610 |
1 |
|
|a Индонезия
|
| 610 |
1 |
|
|a промысловое применение
|
| 610 |
1 |
|
|a цемент
|
| 610 |
1 |
|
|a добавки волокон
|
| 610 |
1 |
|
|a бурение
|
| 610 |
1 |
|
|a затраты
|
| 700 |
|
1 |
|a Джунаиди
|b Э. Г.
|g Эффенди
|
| 701 |
|
1 |
|a Аббас
|b Р.
|
| 701 |
|
1 |
|a Малик
|b Б. З.
|
| 702 |
|
1 |
|a Иванов
|b В.
|4 730
|
| 801 |
|
1 |
|a RU
|b 63413507
|c 20040406
|g PSBO
|
| 801 |
|
2 |
|a RU
|b 63413507
|c 20120116
|g PSBO
|
| 942 |
|
|
|c BK
|